01021cam a2200301 a 45000010005000000030006000050050017000110080041000280100017000690200025000860400023001110500015001340820012001491000021001612450083001822460039002652460035003042600035003393000048003744900019004225050007004415200127004485210018005755210018005936500037006116500039006487000032006875582FISKH20241219091139.0100715s2010 nyua c 000 0 eng  a 2010280977 a9780545175722 (pbk.) aDLCcDLCdDLCbeng aQL737.C27  a599.78 1 aPallotta, Jerry.10aPolar bear vs. grizzly bear /cby Jerry Pallotta ; illustrated by Rob Bolster.1 iAt head of title :aWho would win?3 aPolar bear versus grizzly bear aNew York :bScholastic,c2010. a32 pages : bcolor illustrations ; c23 cm  aWho would win? aR  aContains facts about polar bears and grizzly bears, comparing such aspects as their sizes, brain structure, and abilities.8 a720 bLexile 8 aR bRaz-Plus  0aPolar bearvJuvenile literature. 0aGrizzly bearvJuvenile literature.1 aBolster, Rob.eillustrator